000 00649nam a22002297a 4500
001 73413
003 UA-OsUOA
005 20230419163745.0
007 ta
008 20110228b un ||||| |||| 00| 0 ukr d
020 _a966-346-150-0
040 _aUA-OsUOA
_bukr
_cUA-OsUOA
_dUA-OsUOA
041 _aukr
080 _a330.8(075.8)
090 _a330.8(075.8)
_bІ-90
245 _aІсторія економічних учень
_bпідручник у 2 ч.
_cВ. Д. Базилевич
_nч. 1
260 _aК.
_bЗнання
_c2006
300 _a582 с.
650 7 _a330 Економіка взагалі
_2UDC
942 _cBK
_2udc
955 _a2
999 _c359668
_d359668